|
|
|
|
| LEADER |
00000nam a22000007a 4500 |
| 005 |
2019032908598.0 |
| 007 |
cr|||| |||| |
| 008 |
190329s2018 br |||||s|||| 00||0 por d |
| 020 |
|
|
|a 978-85-361-9813-2
|
| 035 |
|
|
|a 23074
|
| 040 |
|
|
|a vLex
|
| 090 |
|
|
|c 8520
|d 8520
|
| 100 |
1 |
|
|a Bezerra Leite, Carlos Henrique
|
| 245 |
1 |
0 |
|a Reforma Trabalhista
|h [Recurso electrn̤ico] :
|b Anl̀ises e comentr̀ios sobre a Lei Nð 13.467/2017 /
|c Carlos Henrique Bezerra Leite, Edilton Meireles, Marco Antonio dos Santos
|
| 256 |
|
|
|a Servicio en ln̕ea
|
| 260 |
|
|
|a San Pablo:
|b LTR,
|c 2018
|
| 300 |
|
|
|a 1 recurso electrn̤ico
|
| 506 |
1 |
|
|a Disponible solo en los productos indicados
|d vLex Global
|d vLex Global (Academic Edition, excluding Law Schools)
|d vLex Global (U.S. Academic Edition, Law Schools)
|d vLex Global (U.S. Academic Edition, excluding Law Schools)
|d vLex Global (Academic Edition, Law Schools)
|
| 650 |
0 |
4 |
|a Derecho Laboral y Seguridad Social
|z Brasil
|
| 700 |
1 |
|
|a Meireles, Edilton
|
| 700 |
1 |
|
|a dos Santos, Marco Antonio
|
| 740 |
0 |
|
|a vLex Libros (Servicio en ln̕ea)
|
| 856 |
4 |
0 |
|u http://vlex.com/source/reforma-trabalhista-analises-comentarios-lei-13467-2017-23074
|z Acceso restringido
|
| 942 |
|
|
|c BOOK
|
| 999 |
0 |
|
|a Labor law and social security
|